Socios comerciales más grandes - Colombia - Estadísticas

Estadísticas generales
  • Esta prueba ha sido intentada 1.803 veces
    1.534 desde el último reinicio
  • La puntuación promedio es 17 de 21
Estadísticas de respuestas
Exp. Imp. País % Correcto
13,9 16,2 Estados Unidos
99%
1,41 Argentina
97%
1,89 4,04 Brasil
97%
2,47 13,6 China
97%
1,16 1,26 España
97%
1,88 3,09 México
96%
2,07 Francia
94%
1,05 Canadá
93%
1,04 Chile
93%
1,14 0,794 Perú
91%
2,02 0,760 Ecuador
89%
2,35 Alemania
88%
0,667 1,36 Japón
88%
0,815 1,11 Italia
86%
4,62 Panamá
83%
2,40 1,41 India
78%
0,825 0,857 Corea del Sur
72%
2,04 Países Bajos
52%
0,848 Turquía
50%
0,947 Polonia
48%
0,824 Vietnam
36%
No se encontraron pruebas coincidentes
Distribución de puntuación
Porcentaje de gente con cada puntuación
Porcentaje por número respondido
Historial de tus puntuaciones
No has intentado esta prueba desde el último reinicio